Free to love : (Record no. 130541)
[ view plain ]
| 000 -LEADER | |
|---|---|
| fixed length control field | 00785nam a2200253 a 4500 |
| 001 - CONTROL NUMBER | |
| control field | 2338745 |
| 005 - DATE AND TIME OF LATEST TRANSACTION | |
| control field | 20201028092045.0 |
| 008 - FIXED-LENGTH DATA ELEMENTS--GENERAL INFORMATION | |
| fixed length control field | 830622s1981 enk b 001 0 eng |
| 010 ## - LIBRARY OF CONGRESS CONTROL NUMBER | |
| LC control number | 82148401 |
| 020 ## - INTERNATIONAL STANDARD BOOK NUMBER | |
| International Standard Book Number | 0232515182 : |
| Terms of availability | £2.95 |
| 040 ## - CATALOGING SOURCE | |
| Original cataloging agency | DLC |
| Transcribing agency | DLC |
| Modifying agency | DLC |
| 050 00 - LIBRARY OF CONGRESS CALL NUMBER | |
| Classification number | BX2435 |
| Item number | .M728 1981 |
| 082 00 - DEWEY DECIMAL CLASSIFICATION NUMBER | |
| Classification number | 248.4/7 |
| Edition number | 19 |
| 100 1# - MAIN ENTRY--PERSONAL NAME | |
| Personal name | Moloney, Francis J. |
| 9 (RLIN) | 7198 |
| 245 10 - TITLE STATEMENT | |
| Title | Free to love : |
| Remainder of title | poverty-chastity-obedience / |
| Statement of responsibility, etc | Francis J. Moloney. |
| 260 ## - PUBLICATION, DISTRIBUTION, ETC. (IMPRINT) | |
| Place of publication, distribution, etc | London : |
| Name of publisher, distributor, etc | Darton, Longman and Todd, |
| Date of publication, distribution, etc | 1981. |
| 300 ## - PHYSICAL DESCRIPTION | |
| Extent | xiv, 96 p. ; |
| Dimensions | 22 cm. |
| 500 ## - GENERAL NOTE | |
| General note | Includes index. |
| 504 ## - BIBLIOGRAPHY, ETC. NOTE | |
| Bibliography, etc | Bibliography: p. [91]-92. |
| 650 #0 - SUBJECT ADDED ENTRY--TOPICAL TERM | |
| Topical term or geographic name as entry element | Religious communities |
| 9 (RLIN) | 49997 |
| 650 #0 - SUBJECT ADDED ENTRY--TOPICAL TERM | |
| Topical term or geographic name as entry element | Christian life |
| 9 (RLIN) | 49998 |
| 906 ## - LOCAL DATA ELEMENT F, LDF (RLIN) | |
| a | 7 |
| b | cbc |
| c | orignew |
| d | 3 |
| e | ncip |
| f | 19 |
| g | y-gencatlg |
| 942 ## - ADDED ENTRY ELEMENTS (KOHA) | |
| Source of classification or shelving scheme | Library of Congress Classification |
| Item type | Monograph ( Printed materials) |
| Withdrawn status | Lost status | Source of classification or shelving scheme | Damaged status | Not for loan | Collection code | Home library | Current library | Shelving location | Date acquired | Total Checkouts | Full call number | Barcode | Date last seen | Price effective from | Koha item type |
|---|---|---|---|---|---|---|---|---|---|---|---|---|---|---|---|
| Library of Congress Classification | Main Collection | ARRUPE LIBRARY | ARRUPE LIBRARY | Main Collection | 28/10/2020 | BX2435 .M728 1981 | 46600008335 | 28/10/2020 | 28/10/2020 | Monograph ( Printed materials) |